000 00695nam a2200205Ia 4500
003 GCL
008 140319s9999 xx 000 0 ara d
020 _a?482270977
040 _aGCL /
_cGCL
082 0 4 _a928.1
_bم م
100 1 _aمصطفى الشكعة
245 1 0 _aمصطفى صادق الرافعى :
_bكاتبا عربيا ومفكرا اسلاميا /
_cمصطفى الشكعة
250 _aالاولى
260 _aالقاهرة :
_bالدار المصرية اللبنانية ،
_c1999
300 _a312 ص ؛
_c24 سم
650 0 4 _aالادباء العرب
650 0 4 _aمصطفى صادق الرافعى
650 0 4 _aالادباء - تراجم
942 _2ddc
_cBK
999 _c7944
_d7944